Normal view MARC view

Entry Personal Name

Number of records used in: 1

001 - CONTROL NUMBER

  • control field: 1647

003 - CONTROL NUMBER IDENTIFIER

  • control field: csc

005 - DATE AND TIME OF LATEST TRANSACTION

  • control field: 20140507162101.0

008 - FIXED-LENGTH DATA ELEMENTS

  • fixed length control field: 131007|| aca||aabn | a|a d

040 ## - CATALOGING SOURCE

  • Original cataloging agency: csc
  • Transcribing agency: csc

100 ## - HEADING--PERSONAL NAME

  • Personal name: Comnena, Anna,
  • Dates associated with a name: 1083-

670 ## - SOURCE DATA FOUND

  • Source citation: Work cat.: (csc)0: Comnena, Anna, 1083-, The Alexiad /, 2003.